000 00403 a2200157 4500
020 _a9789695731833
040 _aDLC
_bDLC
082 _a910.4
100 _aIrfan Siddique
245 _aMakkah madina: Haj o umra kay roh parvar tasorat
_cIrfan Siddique
260 _aLahore
_bJahangir books
_c2011
300 _a255 p.
650 _aSafar nama
700 _aIrfan Siddique
942 _cBK
_k910.4 IRF
_2ddc
999 _c10738
_d10738